มุมมองปกติ
มุมมองแบบ MARC
- Taylor, Philip.
รายการ Personal Name
001 - CONTROL NUMBER
- control field: 48151
003 - CONTROL NUMBER IDENTIFIER
- control field: NALT
005 - DATE AND TIME OF LATEST TRANSACTION
- control field: 20201027160615.0
008 - FIXED-LENGTH DATA ELEMENTS
- fixed length control field: 201027|| aca||aabn | a|a d
040 ## - CATALOGING SOURCE
- Original cataloging agency: NALT
100 ## - HEADING--PERSONAL NAME
- Personal name: Taylor, Philip.
